Normal view
MARC view
Entry Personal Name
001 - CONTROL NUMBER
- control field: 49467
003 - CONTROL NUMBER IDENTIFIER
- control field: dpl
005 - DATE AND TIME OF LATEST TRANSACTION
- control field: 20120622144956.0
008 - FIXED-LENGTH DATA ELEMENTS
- fixed length control field: 120622|||a|||||| | ||| d
040 ## - CATALOGING SOURCE
- Original cataloging agency: dpl
- Transcribing agency: dpl
100 ## - HEADING--PERSONAL NAME
- Personal name: Sennett , Richard
670 ## - SOURCE DATA FOUND
- Source citation: Work cat.: (dpl)68120: Sennett , Richard, The Culture of the Capitalism /
670 ## - SOURCE DATA FOUND
- Source citation: Work cat.: (dpl)68120: Sennett , Richard, The Culture of the Capitalism /
